=LDR 00000nam 2200000 4500 =001 INLIS000000000055838 =005 20200903080720 =035 ##$$a 0010-0720000142 =008 200903################g##########0#ind## =020 ##$$a 979-556-119-7 =090 ##$$a 2x5.22 =245 1#$$a Kebun ma'rifat 1 /$c M. Rahim Bawa Muhaiyaddeen =260 ##$$a Surabaya :$b Syafaat,$c 2002 =300 ##$$a xiv, 236 hlm. ; $c 16 x 10 cm. =100 #$$a Muhaiyaddeen, M. Rahim Bawa =500 ##$$a Judul asli : Come to the garden =082 ##$$a 2x5.22 =084 ##$$a 2x5.22 MUH k =600 #4$$a Kisah-Ajaran Sufi =990 ##$$a 10310491 =990 ##$$a 1200300439